Úton az igazság védelmében

Úvodník sa zaoberá tematikou bojov za slobodu v čase prvej svetovej vojny.

Podrobná bibliografia
Hlavný autor: Fábián, Alexander (Author)
Médium: Článok
Jazyk:Hungarian
Témy:
Zdroj: 1. Felvidéki Hirlap 1. Roč. 7, č. 35 (13.09.1914) s. 1
LEADER 00887nab#a2200325#ar4500
001 000074598
003 SVKKK
005 20050120xxxxxxx.
008 06 c xo huno
FMT
038 |a SVKKK 
040 |a SVKKK  |b slo  |e AACR2 
041 0 |a hun 
044 |a xo  |c SK 
080 |a 355/359 
100 1 |a Fábián, Alexander  |4 aut 
242 1 0 |a Ne ceste k ochrame pravdy 
245 1 0 |a Úton az igazság védelmében  |c Alexander Fábián 
500 |a Sándor 
500 |a mikrofilm 
520 2 |a Úvodník sa zaoberá tematikou bojov za slobodu v čase prvej svetovej vojny. 
650 0 4 |a vojna svetová (1.) - boj za slobodu - Humenné - rok 1914 - úvodníky 
773 0 |t Felvidéki Hirlap  |g Roč. 7, č. 35 (13.09.1914) s. 1 
957 |a Humenné 
958 |a DG 
958 |a SK 
974 |a Ba  |d 20050120 
992 |a RBX 
BAS
998 |a RETRO